Tunnetut taideteokset kuvavisa - Statistics

Yleistilastot
  • Tätä visaa on pelattu 55 kertaa
  • Keskiarvotulos 9 / 19
Vastaustilastot
Kuvavisa Hint Vastaus % Oikein
Mona Lisa Leonardo da Vinci
85%
Lemminkäisen äiti Akseli Gallen-Kallela
81%
Haavoittunut enkeli Hugo Simberg
74%
Taistelevat metsot Ferdinand von Wright
68%
Huuto Edvard Munch
66%
Leikkiviä poikia rannalla Albert Edelfelt
62%
Muiston pysyvyys Salvador Dali
62%
Toipilas Helene Schjerbeck
57%
Tähtikirkas yö Vincent van Gogh
55%
Guernica Pablo Picasso
51%
Poika ja varis Akseli Gallen-Kallela
47%
Ruokolahden eukkoja kirkonmäellä Albert Edelfelt
32%
Raatajat rahanalaiset Eero Järnefelt
30%
Venuksen syntymä Sandro Botticelli
26%
Tien raivaajia karjalassa Pekka Halonen
19%
Herääminen Magnus Enckell
17%
Vapaus johtaa kansaa Eugène Delacroix
15%
Turbaanipäinen tyttö Johannes Vermeer
15%
Postitie Hämeessä Werner Holmberg
9%
Ehtoja vastaavia visoja ei löytynyt
Tulosjakauma
Jokaisen tuloksen saaneiden osuus
Persentiili vastausten määrän mukaan
Tuloshistoriasi
Et ole pelannut tätä visaa